Music Quiz

Random Music or Song Quiz

'Madonna' Songs Quiz Stats

 Plays Quiz Updated Jul 9, 2016

Score 0/146 Timer 14:00
5 Plays Today
Album Song Title % Correct
Like a VirginLike a Virgin
90.5%
Like a PrayerLike a Prayer
83.9%
Ray of LightRay of Light
75.4%
True BlueTrue Blue
74.5%
MusicMusic
72.6%
EroticaErotica
71.8%
True BluePapa Don't Preach
70.5%
MadonnaHoliday
69.4%
Like a VirginMaterial Girl
67.9%
MadonnaBorderline
62.3%
True BlueLa Isla Bonita
62.3%
MadonnaLucky Star
60.5%
American LifeAmerican Life
59.4%
Like a PrayerExpress Yourself
58.1%
Ray of LightFrozen
57.6%
True BlueOpen Your Heart
54.3%
Confessions on a Dance FloorHung Up
53.8%
Like a PrayerCherish
53.6%
True BlueLive to Tell
52.9%
Bedtime StoriesTake a Bow
51.9%
Hard Candy4 Minutes
51.3%
Bedtime StoriesSecret
50.1%
Like a VirginDress You Up
49.4%
MadonnaBurning Up
48.9%
MadonnaEverybody
48.8%
MusicDon't Tell Me
48.7%
Bedtime StoriesBedtime Story
48.5%
EroticaRain
48.2%
EroticaDeeper and Deeper
47.6%
Like a PrayerOh Father
47.5%
Like a VirginAngel
47.2%
Bedtime StoriesHuman Nature
47%
Confessions on a Dance FloorSorry
46.2%
EroticaFever
45.9%
Ray of LightDrowned World/Substitute for Love
45.6%
Like a PrayerDear Jessie
45.5%
Ray of LightThe Power of Good-Bye
44.7%
EroticaBad Girl
44%
American LifeHollywood
43.9%
Confessions on a Dance FloorJump
43.5%
Ray of LightNothing Really Matters
43.1%
American LifeDie Another Day
42.7%
MusicWhat It Feels Like for a Girl
42.4%
True BlueJimmy Jimmy
41.6%
Confessions on a Dance FloorGet Together
41.5%
Like a VirginLove Don't Live Here Anymore
41.4%
Hard CandyCandy Shop
41.3%
Ray of LightMer Girl
41.2%
Like a PrayerKeep It Together
40.8%
Album Song Title % Correct
Hard CandyGive It 2 Me
40.8%
Bedtime StoriesForbidden Love
40.7%
Ray of LightSwim
40.7%
Like a PrayerLove Song
40.6%
Confessions on a Dance FloorForbidden Love
40.5%
EroticaBye Bye Baby
40.4%
True BlueWhite Heat
40.3%
Confessions on a Dance FloorI Love New York
40.3%
MDNAGirl Gone Wild
40.1%
MadonnaPhysical Attraction
40%
Like a PrayerSpanish Eyes
39.9%
EroticaSecret Garden
39.9%
Confessions on a Dance FloorIsaac
39.8%
True BlueWhere's the Party
39.5%
Like a PrayerAct of Contrition
39.4%
American LifeMother and Father
39.2%
Ray of LightCandy Perfume Girl
39%
MusicGone
38.9%
American LifeLove Profusion
38.9%
Ray of LightSkin
38.9%
Like a VirginShoo-Bee-Doo
38.6%
Rebel Heart***** I'm Madonna
38.6%
True BlueLove Makes the World Go Round
38.3%
Ray of LightLittle Star
38.3%
MDNAGive Me All Your Luvin'
38.1%
Confessions on a Dance FloorPush
37.6%
Like a VirginStay
37.4%
Hard CandyMiles Away
37.2%
MusicImpressive Instant
37%
MadonnaI Know It
36.7%
Like a VirginPretender
36.4%
Like a PrayerTill Death Do Us Part
36.2%
Bedtime StoriesSurvival
36%
MadonnaThink of Me
35.9%
Confessions on a Dance FloorFuture Lovers
35.8%
American LifeNothing Fails
35.6%
Like a PrayerPromise to Try
35.5%
Ray of LightSky Fits Heaven
35.5%
MDNAGang Bang
35.5%
Like a VirginOver and Over
35.4%
Rebel HeartGhosttown
35.3%
EroticaWords
35.1%
American LifeEasy Ride
34.7%
MDNATurn Up The Radio
34.6%
American LifeX-Static Process
34.6%
Bedtime StoriesSanctuary
34.6%
EroticaThief of Hearts
34.5%
Rebel HeartLiving for Love
34.5%
EroticaDid You Do It?
34.5%
Album Song Title % Correct
Hard CandyShe's Not Me
34.4%
MusicParadise (Not For Me)
34.3%
Confessions on a Dance FloorLike It or Not
34.1%
Ray of LightShanti/Ashtangi
34.1%
American LifeNobody Knows Me
33.9%
American LifeI'm So Stupid
33.9%
EroticaWaiting
33.7%
MDNAMasterpiece
33.7%
MusicAmazing
33.7%
EroticaWhere Life Begins
33.6%
MusicNobody's Perfect
33.5%
EroticaIn This Life
33.4%
Bedtime StoriesDon't Stop
33.2%
Ray of LightTo Have and Not to Hold
33.2%
MusicRunaway Lover
33.2%
Confessions on a Dance FloorHow High
33%
Hard CandyBeat Goes On
32.7%
American LifeIntervention
32.5%
MusicI Deserve It
32.5%
EroticaWhy's It So Hard
32.3%
Hard CandyHeartbeat
32.1%
Confessions on a Dance FloorLet It Will Be
31.9%
Bedtime StoriesI'd Rather Be Your Lover
31.8%
Hard CandyIncredible
31.6%
MDNAI'm Addicted
31.2%
Bedtime StoriesInside of Me
31.1%
Bedtime StoriesLove Tried to Welcome Me
30.2%
Hard CandySpanish Lesson
29.7%
Rebel HeartDevil Pray
29.6%
Hard CandyDevil Wouldn't Recognize You
29.2%
MDNAI Don't Give A
29.1%
MDNASuperstar
28.9%
MDNAFalling Free
28.8%
MDNALove Spent
28.7%
Hard CandyVoices
28.3%
MDNAI'm a Sinner
28.2%
Rebel HeartIconic
27.9%
Rebel HeartIlluminati
27.8%
Rebel HeartUnapologetic *****
27.8%
Rebel HeartJoan of Arc
27.4%
Hard CandyDance 2Night
27%
Rebel HeartHoly Water
26.9%
MDNASome Girls
26.9%
Rebel HeartBody Shop
25.9%
Rebel HeartWash All Over Me
23.6%
Rebel HeartHold Tight
22.7%
Rebel HeartHeartBreakCity
22.6%
Rebel HeartInside Out
20.5%

You're not logged in!

Compare scores with friends on all Sporcle quizzes.
OR
Log In

Sporcle TV

Today on Sporcle TV


Watch our educational content, quiz creation guides, and fun videos on Sporcle TV.

Show Comments

Extras

Top Quizzes Today


Score Distribution

Your Account Isn't Verified!

In order to create a playlist on Sporcle, you need to verify the email address you used during registration. Go to your Sporcle Settings to finish the process.

Report this User

Report this user for behavior that violates our Community Guidelines.

Details: